Dark Souls Characters - Statistics

General Stats
  • This quiz has been taken 85 times
  • The average score is 11 of 20
Answer Stats
Hint Answer % Correct
Knight of the Warrior of Sunlight Covenant; gives player white sign soapstone; Praise the Sun! Solaire of Astora
97%
Blacksmith; Creates Divine Weapons and Raw Weapons; Works in Undead Parish Andre of Astora
82%
Knight that wears onion shaped armor; often needs help with his heroic deeds such as defeating chaos eaters in the lost izalith Siegmeyer of Catarina
81%
Untrustworthy man who hates clerics; found in the tomb of the giants and wields the crescent axe Patches
79%
Giant Serpent that lives at the firelink altar; appears after both bells of awakening have been rung and eats items for souls Kingseeker Frampt
77%
Sorcerer who is freed from Sen's Fortress, then captured again at the Duke's Archives; Uses Tin Crystallization Catalyst and White Dragon's Breath Spell Big Hat Logan
74%
Knight in Golden Armor trapped in the Undead Parish; After escaping kills firelink shrine keeper and flees to Anor Londo Lautrec of Carim
59%
Skeleton Blacksmith in the Depths; Creates Fire and Chaos Weapons Blacksmith Vamos
58%
Daughter of the above character; must be freed from golden golem near crystal caves; gives titanite slab to player in ash lake Sieglinde of Catarina
56%
Pyromancer freed from the depths; sells the player pyromancies and upgrades pyromancy flame at firelink shrine Laurentius of the Great Swamp
53%
Grants the player absolution from their sins; stationed at the first bell of awakening Oswald of Carim
53%
Princess from older time period; Trapped in a Golden Golem in Darkroot Basin Dusk of Oolacile
52%
NPC who asks player to join the Way of White; Abandons fellows in Tomb of the Giants and murders Reah of Thorolund Petrus of Thorolund
52%
Witch in Blighttown; sells unique pyromancies and only appears after you upgrade pyromancy flame to +10 Quelaana of Izalith
52%
Fat Cat in the Darkroot Woods; Invites players to join the Forest Hunter Covenant Alvina
47%
Giant Bird that takes the player to and from the Undead Asylum; Drop items in nest to exchange them Snuggly the Crow
42%
NPC Summon for Moonlight Butterfly and The Four Kings; Uses Magic Spells and Catalyst to fight Witch Beatrice
41%
Merchant found initially in the Depths; Moves to Firelink Shrine under the bridge after ringing the bells of awakening; Sells boss armor and rare equipment Domhnall of Zena
34%
Blacksmith at New Londo Ruins; Creates Enchanted and Magic Weapons Rickert of Vinheim
33%
Merchant in the Undead Burg; drops the Uchigatana when defeated Undead Male Merchant
11%
No matching quizzes found
Score Distribution
Percent of People with Each Score
Percentile by Number Answered
Your Score History
You have not taken this quiz